Born in...1985 Quiz Stats

Quiz Updated Nov 13, 2014

Also try: Born in... 1980
Challenge
Share
Tweet
Score 0/20 Timer 05:00
0 Plays Today
Personality % Correct
Michael Phelps
88.7%
Bruno Mars
85.6%
Keira Knightley
63.1%
Cristiano Ronaldo
58.4%
Kaley Cuoco
57.5%
Raven-Symoné
56.9%
Wayne Rooney
52.6%
Anna Kendrick
49.9%
Amanda Seyfried
45.1%
Carly Rae Jepsen
38.6%
Personality % Correct
Jack Osbourne
34.1%
Dwight Howard
33.2%
Ashley Tisdale
33%
Reggie Bush
28.3%
Kris Humphries
27.5%
Derek Hough
25%
Rooney Mara
23.7%
Carey Mulligan
21.4%
Janelle Monáe
19.2%
Ciara
10.7%

You're not logged in!

Compare scores with friends on all Sporcle quizzes.
Join for Free
OR
Log In

You Might Also Like...

Show Comments

Extras

Top Quizzes Today


Score Distribution

Your Account Isn't Verified!

In order to create a playlist on Sporcle, you need to verify the email address you used during registration. Go to your Sporcle Settings to finish the process.

Report this User

Report this user for behavior that violates our Community Guidelines.

Details: